| 000 | 00544cam a2200193ua 4500 | ||
|---|---|---|---|
| 020 | _c2.50 | ||
| 041 |
_aeng _h |
||
| 082 |
_a150.1 _bSAN/RE |
||
| 100 | _aSanford, Fillmore.H . | ||
| 245 | 0 | 0 |
_aAdvancing physichological science, Vol 2. Research in perception, learning, and conflict / _cH.Fillmore Sanford. _hTextual Documents |
| 250 |
_a1 / _b. |
||
| 260 |
_aNew Delhi : _bPrentice Hall Inc , _c1967. |
||
| 300 | _a176 ; . | ||
| 365 | _a2.50 | ||
| 504 | _a | ||
| 700 | 1 | _aCapaldi, E John . | |
| 942 | _cBK | ||
| 999 |
_c2073 _d2073 |
||